MAASAI MARA UNIVERSITY

LIBRARY CATALOGUE

Contact Us: +254 020 2685356/7 or 0774 057787

Box: 861-20500, NAROK, KENYA

Email: info@mmarau.ac.ke

Atextbook of refrigeration and air conditioning/ (Record no. 33476)

MARC details
000 -LEADER
fixed length control field 00671nam a22002057a 4500
003 - CONTROL NUMBER IDENTIFIER
control field OSt
005 - DATE AND TIME OF LATEST TRANSACTION
control field 20260421145720.0
008 - FIXED-LENGTH DATA ELEMENTS--GENERAL INFORMATION
fixed length control field 260420b |||||||| |||| 00| 0 eng d
020 ## - INTERNATIONAL STANDARD BOOK NUMBER
International Standard Book Number 9788121927819
040 ## - CATALOGING SOURCE
Original cataloging agency MMARA-U
Language of cataloging eng
Transcribing agency MMARA-U
Modifying agency MMARA-U
050 ## - LIBRARY OF CONGRESS CALL NUMBER
Classification number TP492 .K48 2018
100 ## - MAIN ENTRY--PERSONAL NAME
Personal name Khurmi, R.S
9 (RLIN) 83
245 ## - TITLE STATEMENT
Title Atextbook of refrigeration and air conditioning/
Statement of responsibility, etc. R.s Khurmi, J.K. Gupta
260 ## - PUBLICATION, DISTRIBUTION, ETC. (IMPRINT)
Place of publication, distribution, etc. Ram Nagar New Delhi ;
Name of publisher, distributor, etc. Eurasia publishing house LTD. ,
Date of publication, distribution, etc. 2018 .
300 ## - PHYSICAL DESCRIPTION
Extent xiv ,754 pages :
Other physical details Includes illustration ;
500 ## - GENERAL NOTE
General note Includes index
650 ## - SUBJECT ADDED ENTRY--TOPICAL TERM
Topical term or geographic name as entry element Refrigeration and air conditioning
9 (RLIN) 2971
700 ## - ADDED ENTRY--PERSONAL NAME
Personal name J.K Gupta
9 (RLIN) 2972
942 ## - ADDED ENTRY ELEMENTS (KOHA)
Source of classification or shelving scheme Library of Congress Classification
Koha item type L
Holdings
Withdrawn status Lost status Source of classification or shelving scheme Damaged status Not for loan Home library Current library Date acquired Source of acquisition Cost, normal purchase price Total Checkouts Full call number Barcode Date last seen Price effective from Koha item type
    Library of Congress Classification     Maasai Mara University Library -Main Campus Maasai Mara University Library -Main Campus 04/20/2026 Donation 2573.28   TP492 .K48 2018 26040848 04/20/2026 04/20/2026 L
    Library of Congress Classification     Maasai Mara University Library -Main Campus Maasai Mara University Library -Main Campus 04/20/2026 Donation 2573.28   TP492 .K48 2018 26040806 04/20/2026 04/20/2026 L
    Library of Congress Classification     Maasai Mara University Library -Main Campus Maasai Mara University Library -Main Campus 04/20/2026 Donation 2573.28   TP492 .K48 2018 26040805 04/20/2026 04/20/2026 L
    Library of Congress Classification     Maasai Mara University Library -Main Campus Maasai Mara University Library -Main Campus 04/20/2026 Donation 2573.28   TP492 .K48 2018 26040804 04/20/2026 04/20/2026 L
    Library of Congress Classification     Maasai Mara University Library -Main Campus Maasai Mara University Library -Main Campus 04/20/2026 Donation 2573.28   TP492 .K48 2018 26040827 04/20/2026 04/20/2026 L
© 2016 Maasai Mara University.